Agricultural Prices 1991 Summary

Guardado en:
Detalles Bibliográficos
Formato: Libro
Lenguaje:inglés
Publicado: Washington United States Department of Agriculture 1992
Materias:
Etiquetas: Agregar Etiqueta
Sin Etiquetas, Sea el primero en etiquetar este registro!

MARC

LEADER 00000nam a2200000 4500
001 c003897
005 20250917085730.2
041 0 |a eng 
044 |a US 
245 1 0 |a Agricultural Prices  |b 1991 Summary 
264 1 |a Washington  |b United States Department of Agriculture  |c 1992 
300 |a 108,52 s. 
610 2 0 |a poľnohospodárstvo 
610 2 0 |a USA